=LDR 00000nam 2200000 4500 =001 INLIS000000000028527 =005 20130612130827 =008 ***********************************Ind** =035 ##$$0010-061300000028527 =041 ##$$a Ind =082 ##$$a 633.88 =090 ##$$a 633.88, Uta t =100 ##$$a Utami, Prapti =245 ##$$a Tanaman obat untuk mengatasi rematik dan asam urat, Prapti Utami =260 ##$$a 2005 $b Jakarta =300 ##$$a vi, 124 hlm, 19 cm =650 ##$$a Rematik dan Asam Urat =850 ##$$a NBPNMAT